Daňově transparentní entity

Problematika zdaňovania transparentných entít. Daňovo transparentné entity podľa práva štátu, kde boli založené. Dosiahnuté príjmy a zdaňovanie v štáte, v ktorom sú spoločníci daňovými rezidentmi. Test a príklad.

Gespeichert in:
Bibliographische Detailangaben
1. Verfasser: Pfeilerová, Jaroslava
Format: Buchkapitel
Sprache:Tschechisch
Schlagworte:
Tags: Tag hinzufügen
Keine Tags, Fügen Sie das erste Tag hinzu!

MARC

LEADER 00000naa a2200000 4500
001 0179565
005 20230925093434.9
041 0 |a cze 
044 |a CZ 
245 1 0 |a Daňově transparentní entity  |c Jaroslava Pfeilerová 
520 |a Problematika zdaňovania transparentných entít. Daňovo transparentné entity podľa práva štátu, kde boli založené. Dosiahnuté príjmy a zdaňovanie v štáte, v ktorom sú spoločníci daňovými rezidentmi. Test a príklad. 
610 2 0 |a dane 
610 2 0 |a dane z príjmov 
610 2 0 |a systémy daňové 
610 2 0 |a politika daňová 
610 2 0 |a rezidenti 
610 2 0 |a transparentnosť 
610 2 0 |a zdaňovanie medzinárodné 
100 1 |a Pfeilerová, Jaroslava